Francis Ngannou - UFC Opponents - Statistics

General Stats
  • This quiz has been taken 39 times
  • The average score is 9 of 14
Answer Stats
Date W/L/D Opponent % Correct
07/07/18 LOSS - U/DEC - R3 Derrick Lewis
100%
27/03/21 WIN - TKO - R2 [C] Stipe Miocic
100%
20/01/18 LOSS - U/DEC - R5 [C] Stipe Miocic
100%
22/01/22 WIN - U/DEC - R5 [C] Cyril Gane
97%
02/12/17 WIN - KO - R1 Alistair Overeem
82%
09/05/20 WIN - KO - R1 Jairzinho Rozenstruik
76%
17/02/19 WIN - TKO - R1 Cain Velasquez
70%
24/11/18 WIN - KO - R1 Curtis Blaydes
61%
10/04/16 WIN - TKO - R2 Curtis Blaydes
61%
29/06/19 WIN - KO - R1 Junior Dos Santos
52%
28/01/17 WIN - KO - R1 Andrei Arlovski
45%
19/12/15 WIN - TKO - R2 Luis Henrique
18%
12/09/16 WIN - SUB - R1 Anthony Hamilton
6%
23/07/16 WIN - TKO - R1 Bojan Mihajlovic
6%
No matching quizzes found
Score Distribution
Percent of People with Each Score
Percentile by Number Answered
Your Score History
You have not taken this quiz